| 000 | 00950nam a22003377a 4500 | ||
|---|---|---|---|
| 001 | BR9101972 | ||
| 003 | BR-BrBNA | ||
| 005 | 20230928093554.0 | ||
| 007 | ta | ||
| 008 | 230509b bl.||||| |||| 00| 0 por d | ||
| 040 |
_aBR-BrBNA _bpor _cBiblioteca Nacional de Agricultura |
||
| 041 | _a(Por) | ||
| 072 |
_aF01; L02 _b1910 |
||
| 090 | _ 1910 BR9101972 | ||
| 110 | 1 | _aEscola Superior de Agricultura Luiz de Queiroz, Piracicaba, SP (Brasil) | |
| 111 | 1 |
_aSimposio sobre Manejo da Pastagem _cPiracicaba, SP (Brazil) _d3-7 Dec 1973 |
|
| 245 | 1 | _aAnais do Simposio sobre Manejo da Pastagem | |
| 260 | 3 |
_aPiracicaba, SP (Brasil): _c1973. |
|
| 300 | _a215 p. | ||
| 650 | _aPASTAGEM | ||
| 650 | _aPASTEJO | ||
| 650 | _aMANEJO | ||
| 650 | _aPRODUTIVIDADE | ||
| 650 | _aCRESCIMENTO | ||
| 650 | _aFORRAGEM | ||
| 650 | _aPROCESSAMENTO | ||
| 650 | _aGADO | ||
| 650 | _aGANHO DE PESO | ||
| 909 |
_a202309 _bLucia _c55 _dLucia Elande |
||
| 942 | _cBK | ||
| 999 |
_c45776 _d45776 |
||